Surveying (Record no. 5243)

MARC details
000 -LEADER
fixed length control field 00347nam a22001577a 4500
005 - DATE AND TIME OF LATEST TRANSACTION
control field 20160916095625.0
008 - FIXED-LENGTH DATA ELEMENTS--GENERAL INFORMATION
fixed length control field 160916b xxu||||| |||| 00| 0 eng d
020 ## - INTERNATIONAL STANDARD BOOK NUMBER
ISBN 978-1-25-902899-1
041 ## - LANGUAGE CODE
Language code of text/sound track or separate title eng
100 ## - MAIN ENTRY--AUTHOR NAME
Personal name Duggal,S.K
245 ## - TITLE STATEMENT
Title Surveying
260 ## - PUBLICATION, DISTRIBUTION, ETC. (IMPRINT)
Name of publisher TMH
Year of publication 2015
300 ## - PHYSICAL DESCRIPTION
Number of Pages 617
650 ## - SUBJECT ADDED ENTRY--TOPICAL TERM
Topical Term Engineering
942 ## - ADDED ENTRY ELEMENTS (KOHA)
Koha item type Books
Holdings
Lost status Damaged status Home library Current library Shelving location Date acquired Source of acquisition Cost, normal purchase price Accession Number Koha item type Collection code
    JRU Library   SHELF-76-D 16/09/2016 PURCHASE 495.00 21221 Books  
    JRU Library   SHELF-72-A 16/09/2016 PURCHASE 495.00 21222 Books Reference
    JRU Library JRU Library SHELF- 69 E 16/09/2016 PURCHASE 495.00 21223 Books MINING
    JRU Library JRU Library SHELF-88-A 16/09/2016 PURCHASE 495.00 21224 Books MINING